| 000 | 00467nam a22001697a 4500 | ||
|---|---|---|---|
| 005 | 20170822175100.0 | ||
| 008 | 140409b xxu||||| |||| 00| 0 eng d | ||
| 020 | _a0602252601 | ||
| 040 |
_aBSU _cBSU |
||
| 082 |
_221 _a418 BET |
||
| 100 |
_aDee Reid and Betty Root. _918933 |
||
| 245 | _aSpeaking and listening, teacher's resources. | ||
| 260 |
_aAylesbury,Bucks, _bGinn and Company Ltd, _c1992. |
||
| 300 |
_a64p.; _c30 cm. |
||
| 658 | _aLanguage. | ||
| 942 |
_2ddc _cBK |
||
| 999 |
_c9205 _d9205 |
||